[Event "Dutch Treat"]
[Site "SchemingMind.com"]
[Date "2006.09.10"]
[Round "-"]
[White "jlowrey"]
[Black "am4chess"]
[Result "0-1"]
[WhiteCountry "USA"]
[BlackCountry "PHI"]
[WhiteElo "1618"]
[WhiteRD "72"]
[BlackElo "1729"]
[BlackRD "91"]
[GameID "67238"]

1. d4 f5 2. c4 Nf6 3. Qc2 d6 4. e3 e6 5. Nc3 Nc6 6. d5 Ne5 7. f4 Ned7 8. dxe6 Nc5 9. Qxf5 Bxe6 10. Qc2 Be7
11. Be2 Qd7 12. Bf3 Bxc4 13. b3 Bd3 14. Qd2 Bg6 15. Be2 O-O 16. Nf3 Nce4 17. Nxe4 Nxe4 18. Qd5+ Kh8 19. Qxb7 Bf6 20. Nd4 Rfb8
21. Qc6 Qxc6 22. Nxc6 Bxa1 23. Nxb8 Rxb8 24. O-O d5 25. f5 Bf7 26. Bf3 Nf6 27. Ba3 Be5 28. Rd1 c6 29. Bc5 Nd7 30. Ba3 Nf6
31. Bc5 Ne4 32. Bxe4 dxe4 33. Bxa7 Ra8 34. Rd2 Rxa7 35. Rd8+ Bg8
0-1

[Event "Dutch Treat"]
[Site "SchemingMind.com"]
[Date "2006.09.08"]
[Round "-"]
[White "Tonberry"]
[Black "am4chess"]
[Result "1-0"]
[WhiteCountry "USA"]
[BlackCountry "PHI"]
[WhiteElo "2265"]
[WhiteRD "139"]
[BlackElo "1689"]
[BlackRD "91"]
[GameID "67239"]

1. d4 f5 2. g4 d6 3. gxf5 Bxf5 4. Bg2 Nf6 5. Bxb7 Be4 6. Bxa8 Bxa8 7. Nf3 h6 8. Rg1 e6 9. Nh4 Be4 10. Nc3 Bh7
11. Ng6 Bxg6 12. Rxg6 d5 13. Bf4 Qd7 14. e4 Qf7 15. Rxf6 gxf6 16. exd5 exd5 17. Qe2+ Qe7 18. Nxd5 Qxe2+ 19. Kxe2 Kf7 20. Nxc7 Nd7
21. c4 Bg7 22. Nb5 Re8+ 23. Kd3 f5 24. Nd6+ Kf8 25. Nxe8 Kxe8 26. Re1+ Kf7 27. c5 Bf6 28. c6 Nb6 29. c7 Nc8 30. d5 Be7
31. d6 Bxd6 32. Bxd6 Nxd6 33. Re5 Kf6 34. Re8 Kf7 35. c8=Q Nxc8 36. Rxc8
1-0

[Event "Dutch Treat"]
[Site "SchemingMind.com"]
[Date "2006.09.08"]
[Round "-"]
[White "Count_Aleksander"]
[Black "am4chess"]
[Result "1-0"]
[WhiteCountry "USA"]
[BlackCountry "PHI"]
[WhiteElo "1869"]
[WhiteRD "95"]
[BlackElo "1689"]
[BlackRD "91"]
[GameID "67240"]

1. d4 f5 2. Bg5 d6 3. Nf3 h6 4. Bd2 Nf6 5. Nc3 b6 6. e3 Bb7 7. Bd3 Ne4 8. d5 Qd7 9. Nd4 g6 10. Nxe4 fxe4
11. Bxe4 Rg8 12. c4 Na6 13. b4 O-O-O 14. Ne6 Re8 15. Bc3 c5 16. dxc6 Bxc6 17. Bd5 Nc7 18. Nxc7 Qxc7 19. Bxg8 e5 20. O-O Be4
21. Qa4 Qe7 22. Rac1 Qg5 23. Qxe8+ Kb7 24. Bd5+ Bxd5 25. cxd5 h5 26. Qxf8
1-0

[Event "Dutch Treat"]
[Site "SchemingMind.com"]
[Date "2006.09.08"]
[Round "-"]
[White "the_tissues"]
[Black "am4chess"]
[Result "0-1"]
[WhiteCountry "AUS"]
[BlackCountry "PHI"]
[WhiteElo "1174"]
[WhiteRD "173"]
[BlackElo "1570"]
[BlackRD "83"]
[GameID "67241"]

1. d4 f5 2. h4 d6 3. e3 Nf6 4. h5 e5 5. dxe5 dxe5 6. f4 e4 7. Nd2 Nc6 8. g4 Nxg4 9. a4 Nxe3 10. Qe2 Nxc2+
11. Kd1 Nxa1 12. Qe3 Qd4
0-1